Statistics for Indo-European Languages With The Most Speakers

Click here to take the quiz!

General Stats

  • This quiz has been taken 1,106 times
  • The average score is 15 of 20

Answer Stats

# SpeakersBranchLanguage% Correct
1.12 bill.GermanicEnglish
99%
512 milRomanceSpanish
99%
284 milRomanceFrench
98%
264 milSlavicRussian
98%
132 milGermanicGerman
97%
236 milRomancePortuguese
96%
67 milRomanceItalian
95%
534 milIndo-AryanHindi
94%
110 milIranianPersian
92%
40 milSlavicPolish
89%
46 milSlavicUkrainian
88%
163 milIndo-AryanUrdu
81%
261 milIndo-AryanBengali
77%
119 milIndo-AryanPunjabi
70%
50 milIranianPashto
63%
74 milIndo-AryanMarathi
57%
55 milIndo-AryanGujarati
56%
26 milIndo-AryanSindhi
29%
37 milIndo-AryanBhojpuri
18%
35 milIndo-AryanMaithili
17%

Score Distribution

Percentile by Number Answered

Percent of People with Each Score

Your Score History

You have not taken this quiz